000 00658nam a2200217 a 4500
001 53668
003 BD-RjUL
005 20211209080011.0
008 161022s1963 bg ab b 000 0 eng
035 _a(BD-RjUL)53790
040 _aDLC
_cCarP
_dBD-RjUL
_beng
041 _aeng
082 _a331.11095492
_bANC 1963
100 1 _aĀnisuzzāmān, Md.
_9160393
245 1 4 _aThe circle officer :
_ba study of his role /
_cMd. Ānisuzzāmān
260 _aDacca :
_bNational Institute of Public Administration,
_c1963.
300 _aviii, 97 p. :
_bill. ;
_c25 cm.
650 _aEmployees
_zBangladesh
_9146951
942 _2ddc
_cBK
999 _c53668
_d53668